000 00569nam a2200229Ia 4500
003 OSt
005 20221007073514.0
006 a|||||r|||| 00| 0
007 ta
008 221006b |||||||| |||| 00| 0 eng d
024 _a8,550
037 _cTextual
040 _aFLL
_cFLL
_beng
041 _2eng
_aeng
082 _aZ2,3, M9
100 _aAvtar Singh
245 0 _aLaw of contract
260 _aLucknow
_bEastern Book Company India
_c1989
300 _a544p
_ccm.
942 _hZ2,3, M9
_cTEXL
_2CC
999 _c1148972
_d1148972